Biblioteca Temática UTEHA : historia del cine /

Gorde:
Xehetasun bibliografikoak
Beste egile batzuk: Acevedo Latorre, E. (colaboración) (colaboración)
Formatua: Liburua
Hizkuntza:gaztelania
Argitaratua: México : UTEHA, 1980, c1980
Saila:(Biblioteca Temática UTEHA ; 7)
Gaiak:
Etiketak: Etiketa erantsi
Etiketarik gabe, Izan zaitez lehena erregistro honi etiketa jartzen!

MARC

LEADER 00000nam^a2200000^a^4500
001 000318242
005 20250521000000.0
008 120208 19801980
009 20260310113407.941
020 |a 968-438-967-1 
020 |a 968-438-960-4 
025 |a Donación Martín del Campo Chávez, 1 ejemplar 
037 |a Acervo ITESO - Biblioteca 
041 |a ESP 
082 |a 036. 1  |b UTE V. 7 
240 1 1 |a [Biblioteca Temática UTEHA] 
245 0 0 |a Biblioteca Temática UTEHA :  |b historia del cine /  |c Colaboración de E. Acevedo Latorre... [et al.]. 
264 4 |a México :  |b UTEHA,  |c 1980, c1980 
300 |a 192 p. 
336 |a texto  |b txt  |2 rdacontenido 
337 |a sin mediación  |b n  |2 rdamedio 
338 |a volumen  |b nc  |2 rdasoporte 
440 1 |a (Biblioteca Temática UTEHA ;  |v 7) 
649 |a XX 
650 |a Cine -  |x Tema Principal 
650 |a Cine -  |x Historia y Crítica 
650 |a Cine -  |x Enciclopedias y Diccionarios 
650 |a Enciclopedias y Diccionarios -  |x Tema Principal 
700 |a Acevedo Latorre, E.  |e (colaboración) 
910 |a Fondo General 
920 |a Impresos - Libros 
930 |a Obras de Referencia 
905 |a 102 
901 |a 0500205560  |b IT2  |c REF  |i D  |u 20250521 
902 |a https://opac.biblio.iteso.mx/vufind/Record/000318242